000 00344nam a2200133Ia 4500
008 230818s1988 xx 000 0 und d
041 _aeng
100 _aBurkart / Medlic
245 _aTourism past present and Future
260 _bC.B.S.Publication
_c1988
300 _a300p
520 _aGeneral | Hard Board
999 _c853883
_d853883
650 _aHotel Front office